Statystyki dla Słowa zakończone na -tura.

Kliknij tutaj aby rozwiązać quiz!

Ogólne statystyki

  • Ten quiz został rozwiązany 10 734 razy
  • Średni wynik to 8 z 192

Statystyki odpowiedzi

Odpowiedź% Poprawnych
tura
69%
matura
65%
natura
42%
awantura
29%
kultura
29%
faktura
20%
konfitura
19%
makulatura
17%
lektura
16%
akupunktura
14%
armatura
14%
literatura
14%
klawiatura
13%
postura
13%
gramatura
12%
karykatura
12%
tortura
12%
prokuratura
11%
tektura
11%
emerytura
10%
struktura
10%
aparatura
9%
dyktatura
9%
kandydatura
9%
koniunktura
9%
mikstura
8%
uwertura
8%
kreatura
7%
partytura
7%
agentura
6%
architektura
6%
manufaktura
6%
miniatura
6%
temperatura
6%
chałtura
5%
datura
5%
frytura
5%
futura
5%
kaptura
5%
kolektura
5%
kubatura
5%
politura
5%
prezydentura
5%
tekstura
5%
kostura
4%
nomenklatura
4%
popkultura
4%
sygnatura
4%
adwokatura
3%
agrokultura
3%
infrastruktura
3%
muskulatura
3%
receptura
3%
subkultura
3%
ajentura
2%
delegatura
2%
dyrektura
2%
dyrygentura
2%
fraktura
2%
inwentura
2%
inwestytura
2%
komtura
2%
kwadratura
2%
kwestura
2%
ligatura
2%
prefektura
2%
pretura
2%
punktura
2%
statura
2%
abrewiatura
1%
adiunktura
1%
adiutantura
1%
administratura
1%
agrykultura
1%
akwakultura
1%
angostura
1%
antykultura
1%
antyliteratura
1%
apertura
1%
aplikantura
1%
aplikatura
1%
apretura
1%
arcykomtura
1%
arkatura
1%
aspirantura
1%
asystentura
1%
autokarykatura
1%
biostruktura
1%
cyzelatura
1%
dekoniunktura
1%
dezynwoltura
1%
docentura
1%
doktorantura
1%
dyspozytura
1%
eksnomenklatura
1%
ekspedytura
1%
ekspozytura
1%
fioritura
1%
fiorytura
1%
fotokarykatura
1%
frankatura
1%
gipsatura
1%
implikatura
1%
inspicjentura
1%
intendentura
1%
judykatura
1%
kolegiatura
1%
koloratura
1%
komendantura
1%
kompatura
1%
koniektura
1%
kontraktura
1%
kontrasygnatura
1%
kontrkultura
1%
korektura
1%
kuwertura
1%
legislatura
1%
likwidatura
1%
liniatura
1%
magistratura
1%
makrostruktura
1%
malatura
1%
marikultura
1%
megastruktura
1%
mikrokultura
1%
mikrostruktura
1%
ministrantura
1%
monokultura
1%
nadstruktura
1%
nadtemperatura
1%
nanostruktura
1%
nascitura
1%
nitrokultura
1%
nuncjatura
1%
ordynatura
1%
podkultura
1%
podstruktura
1%
półkultura
1%
pozytura
1%
prakultura
1%
prałatura
1%
prepozytura
1%
primogenitura
1%
progenitura
1%
pseudokultura
1%
regentura
1%
registratura
1%
rejentura
1%
rezydentura
1%
ruptura
1%
scordatura
1%
sekatura
1%
stryktura
1%
sztablatura
1%
sztukatura
1%
tablatura
1%
tabulatura
1%
technokultura
1%
technostruktura
1%
tessitura
1%
tessytura
1%
tinktura
1%
traktura
1%
tynktura
1%
tytulatura
1%
ultrastruktura
1%
wilegiatura
1%
acciaccatura
0%
aeropiktura
0%
appoggiatura
0%
appogiatura
0%
digitopunktura
0%
fotoskulptura
0%
galwanopunktura
0%
heliominiatura
0%
ignipunktura
0%
kontrafaktura
0%
kontrsygnatura
0%
makrotekstura
0%
mechanofaktura
0%
metaliteratura
0%
neonomenklatura
0%
nitropolitura
0%
paraliteratura
0%
parmakultura
0%
piropiktura
0%
regestratura
0%
sekundogenitura
0%
skordatura
0%
szalokaptura
0%
termopunktura
0%
wiledżiatura
0%

Rozkład punktacji

Percentyl według liczby udzielonych odpowiedzi

Procent ludzi z każdym wynikiem

Twoja historia wyników

Nie rozwiązałeś tego quizu